Just Peachy

Bibliographic Details
Main Author: Winters, Jill
Format: Book
Published: USA : New American Library , 2005
Subjects:

MARC

LEADER 00000cam a2200000 7i4500
001 0000008841
005 20080130.0
008 070820
020 |a 0451215060 
090 0 0 |a WIN   |b ENG 
100 1 |a Winters, Jill 
245 1 0 |a Just Peachy   |c Jill Winters 
260 |a USA :   |b New American Library ,   |c 2005 
650 0 |a English fiction 
650 0 |a Gift basket industry   |x Fiction 
650 0 |a Missing person   |x Fiction 
650 0 |a Novel 
650 0 |a Supervisor   |x Fiction 
999 |a 0000996700   |b Book   |c Adult Collection   |e Perbadanan Perpustakaan Awam Johor 
999 |a 0000996701   |b Book   |c Adult Collection   |e Perbadanan Perpustakaan Awam Johor